|
|
|
|
| LEADER |
00000nam a22000007a 4500 |
| 005 |
20141114151758.0 |
| 007 |
cr|||| |||| |
| 008 |
141114c20049999us |||| s|||| 0|||a1eng d |
| 035 |
|
|
|a 4418
|
| 040 |
|
|
|a vLex
|
| 090 |
|
|
|c 5292
|d 5292
|
| 245 |
0 |
4 |
|a The Milwaukee Journal Sentinel
|h [Recurso electrn̤ico]
|
| 256 |
|
|
|a Servicio en ln̕ea
|
| 260 |
|
|
|a Milwaukee:
|b Journal Sentinel Inc.,
|c 2004 -
|
| 300 |
|
|
|a 1 recurso electrn̤ico
|
| 362 |
|
|
|a Nm︢. 1 (2007) -
|
| 506 |
1 |
|
|a Contenido disponible en los productos indicados
|d vLex Global
|d vLex Global (Academic Edition, excluding Law Schools)
|d vLex Global (U.S. Academic Edition, excluding Law Schools)
|
| 650 |
0 |
4 |
|a Perid̤icos
|z Estados Unidos
|
| 740 |
0 |
|
|a vLex Revista (Servicio en ln̕ea)
|
| 856 |
4 |
0 |
|u http://vlex.com/source/milwaukee-journal-sentinel-4418/
|z Acceso restringido
|
| 942 |
|
|
|c REV
|
| 999 |
0 |
|
|a Newspapers
|